[Event "Scarborough Intermediate 47th"]
[Site "Scarborough"]
[Date "2024.10.26"]
[Round "2.17"]
[White "Allison, Paul A"]
[Black "Meredith, Daniel"]
[Result "0-1"]
[WhiteElo "1736"]
[BlackElo "1687"]
[PlyCount "78"]
[EventDate "2024.10.25"]
[EventType "swiss"]
[EventRounds "5"]
[EventCountry "ENG"]
[SourceTitle "BritBase"]
[Source "John Saunders"]
[SourceDate "2024.12.27"]
[SourceVersion "1"]
[SourceVersionDate "2024.12.27"]
[SourceQuality "1"]

1. e4 c5 2. Nf3 d6 3. d4 cxd4 4. Nxd4 Nf6 5. Nc3 g6 6. f4 Nc6 7. Nxc6 bxc6 8. e5 Nd7 9. exd6 exd6 10. Be3 Be7 11. Be2 O-O 12. O-O Nf6 13. Bf3 Rb8 14. b3 Qc7 15. Qe2 Re8 16. Qc4 Be6 17. Qa6 d5 18. Qxa7 Rb7 19. Qa4 Rb4 20. Qa7 Qxa7 21. Bxa7 c5 22. Na4 Rc8 23. Bb6 Rxf4 24. Nc3 Bd6 25. Rad1 Rb8 26. Na4 Rxa4 27. bxa4 Rxb6 28. a5 Ra6 29. Be2 Rxa5 30. Rxf6 Rxa2 31. Bd3 c4 32. Bf1 Kg7 33. Rf3 Rxc2 34. h3 d4 35. Rf2 d3 36. Rxc2 dxc2 37. Rc1 Bf5 38. g4 Ba3 39. Ra1 Bd3 0-1

[Event "Scarborough Intermediate 47th"]
[Site "Scarborough"]
[Date "2024.10.26"]
[Round "2.19"]
[White "Matthews, Graham W"]
[Black "Dean, Robert A"]
[Result "1-0"]
[WhiteElo "1731"]
[BlackElo "1779"]
[PlyCount "87"]
[EventDate "2024.10.25"]
[EventType "swiss"]
[EventRounds "5"]
[EventCountry "ENG"]
[SourceTitle "BritBase"]
[Source "John Saunders"]
[SourceDate "2024.12.27"]
[SourceVersion "1"]
[SourceVersionDate "2024.12.27"]
[SourceQuality "1"]

1. d4 d5 2. Nf3 Nf6 3. Bf4 g6 4. e3 Bg7 5. Bd3 O-O 6. Nbd2 Nbd7 7. O-O c5 8. c3 Re8 9. Ne5 Nh5 10. Nxd7 Bxd7 11. Bg3 Nxg3 12. hxg3 Qc7 13. Nf3 Rad8 14. Rc1 b6 15. Re1 Bc6 16. Qc2 e5 17. dxe5 Bxe5 18. Nxe5 Rxe5 19. Be2 Rde8 20. Qd2 Qb7 21. Bf3 f5 22. Rcd1 g5 23. Bh5 R8e7 24. f4 gxf4 25. gxf4 R5e6 26. Bf3 Rd7 27. Qc2 {[=]} Rf6 28. Kf2 Kh8 29. Rh1 Rg7 30. Rh5 d4 31. Rxf5 Bxf3 32. gxf3 dxe3+ 33. Kxe3 Re7+ 34. Kf2 Rh6 35. Rd8+ Kg7 36. Rg5+ Rg6 37. Qf5 Rf7 38. Qe5+ Rff6 39. Re8 Qc6 40. Re7+ Kf8 41. Rxh7 Rxg5 42. Qxg5 Qd6 43. Qg7+ Ke8 44. Rh8+ 1-0

[Event "Scarborough Intermediate 47th"]
[Site "Scarborough"]
[Date "2024.10.26"]
[Round "2.22"]
[White "Blackburn, Sandra G"]
[Black "Graham, Neil"]
[Result "1/2-1/2"]
[WhiteElo "1601"]
[BlackElo "1808"]
[PlyCount "28"]
[EventDate "2024.10.25"]
[EventType "swiss"]
[EventRounds "5"]
[EventCountry "ENG"]
[SourceTitle "BritBase"]
[Source "John Saunders"]
[SourceDate "2024.12.27"]
[SourceVersion "1"]
[SourceVersionDate "2024.12.27"]
[SourceQuality "1"]

1. d4 Nf6 2. Nf3 d5 3. Bf4 Bf5 4. e3 e6 5. Nbd2 Bd6 6. Bxd6 Qxd6 7. Ne5 Nbd7 8. Ndf3 Qb4+ 9. Nd2 Nxe5 10. dxe5 Ne4 11. Bd3 Nxd2 12. Qxd2 Qxd2+ 13. Kxd2 Bxd3 14. cxd3 Kd7 1/2-1/2

[Event "Scarborough Intermediate 47th"]
[Site "Scarborough"]
[Date "2024.10.26"]
[Round "2.24"]
[White "Monk, Carl"]
[Black "Roychowdhury, Aashita"]
[Result "1-0"]
[WhiteElo "1894"]
[BlackElo "1525"]
[PlyCount "79"]
[EventDate "2024.10.25"]
[EventType "swiss"]
[EventRounds "5"]
[EventCountry "ENG"]
[SourceTitle "BritBase"]
[Source "John Saunders"]
[SourceDate "2024.12.27"]
[SourceVersion "1"]
[SourceVersionDate "2024.12.27"]
[SourceQuality "1"]

1. d4 d5 2. c4 c6 3. Nf3 Nf6 4. Nc3 dxc4 5. a4 Bf5 6. e3 e6 7. Bxc4 Bd6 8. Qb3 Qc7 9. O-O O-O 10. Re1 Bg4 11. Ne5 Nbd7 12. Nxg4 Nxg4 13. g3 Ngf6 14. e4 Be7 15. Be3 Nb6 16. Bf1 Rad8 17. Rac1 Ng4 18. Bg2 Nxe3 19. Rxe3 Qb8 20. Rd3 Bf6 21. Ne2 Be7 22. a5 Nd7 23. e5 Rc8 24. Qa4 Rfd8 25. Rb3 Qa8 26. Rbc3 c5 27. Qc4 a6 28. d5 Nxe5 29. Qe4 exd5 30. Qxe5 Bf6 31. Qf5 Bxc3 32. Nxc3 d4 33. Nd5 Rb8 34. Nb6 Qa7 35. Rxc5 d3 36. Rc7 f6 37. Be4 g6 38. Qe6+ Kh8 39. Qxf6+ Kg8 40. Qg7# 1-0

[Event "Scarborough Intermediate 47th"]
[Site "Scarborough"]
[Date "2024.10.26"]
[Round "2.25"]
[White "Adam, David W"]
[Black "Allen, Michael Ei"]
[Result "1/2-1/2"]
[WhiteElo "1852"]
[BlackElo "1754"]
[PlyCount "67"]
[EventDate "2024.10.25"]
[EventType "swiss"]
[EventRounds "5"]
[EventCountry "ENG"]
[SourceTitle "BritBase"]
[Source "John Saunders"]
[SourceDate "2024.12.27"]
[SourceVersion "1"]
[SourceVersionDate "2024.12.27"]
[SourceQuality "1"]

1. c4 c6 2. g3 Nf6 3. Bg2 d5 4. Qc2 dxc4 5. Qxc4 Be6 6. Qc2 g6 7. d3 Bg7 8. Nf3 Nbd7 9. O-O h6 10. Nd4 Nf8 11. Nxe6 Nxe6 12. e3 O-O 13. Nc3 Qd7 14. d4 Rfd8 15. Rb1 b5 16. b4 Rac8 17. a3 Nd5 18. Ne4 Nb6 19. Bh3 f5 20. Nd2 Ng5 21. Bg2 Nf7 22. Bb2 Nd6 23. Qb3+ Kh7 24. Rfd1 Ndc4 25. Nxc4 Nxc4 26. Ba1 e6 27. Rbc1 a5 28. Bf1 a4 29. Qa2 Nb6 30. Qc2 Qd6 31. Qc5 Qxc5 32. dxc5 Nd5 33. Bxg7 Kxg7 34. Bg2 1/2-1/2

[Event "Scarborough Intermediate 47th"]
[Site "Scarborough"]
[Date "2024.10.26"]
[Round "2.28"]
[White "Ormerod, Stephen"]
[Black "Howorth, Jack"]
[Result "1-0"]
[WhiteElo "1785"]
[BlackElo "1770"]
[PlyCount "53"]
[EventDate "2024.10.25"]
[EventType "swiss"]
[EventRounds "5"]
[EventCountry "ENG"]
[SourceTitle "BritBase"]
[Source "John Saunders"]
[SourceDate "2024.12.27"]
[SourceVersion "1"]
[SourceVersionDate "2024.12.27"]
[SourceQuality "1"]

1. c4 Nf6 2. g3 g6 3. Bg2 c6 4. Nc3 d5 5. cxd5 cxd5 6. d4 Bg7 7. Nf3 O-O 8. O-O Nc6 9. a3 Ne4 10. e3 h6 11. Nxe4 dxe4 12. Nd2 f5 13. b4 e5 14. Qb3+ Kh7 15. dxe5 Nxe5 16. Rb1 Nd3 17. Rd1 Qe7 18. Bf1 Be6 19. Qa4 Ba2 20. Bxd3 exd3 21. Rb2 Qf7 22. b5 Bxb2 23. Bxb2 Rac8 24. Nf3 Bb3 25. Qh4 Kg8 26. Ng5 Bxd1 27. Qxh6 1-0

[Event "Scarborough Intermediate 47th"]
[Site "Scarborough"]
[Date "2024.10.26"]
[Round "2.33"]
[White "Beswick, Andrew"]
[Black "Greatorex, Roger"]
[Result "0-1"]
[WhiteElo "1589"]
[BlackElo "1752"]
[PlyCount "68"]
[EventDate "2024.10.25"]
[EventType "swiss"]
[EventRounds "5"]
[EventCountry "ENG"]
[SourceTitle "BritBase"]
[Source "John Saunders"]
[SourceDate "2024.12.27"]
[SourceVersion "1"]
[SourceVersionDate "2024.12.27"]
[SourceQuality "1"]

1. e4 e5 2. Nf3 d6 3. Bc4 f5 4. d3 Be7 5. O-O Nc6 6. a3 f4 7. h3 Bf6 8. d4 Qe7 9. Re1 g5 10. Nh2 Nxd4 11. c3 Nc6 12. Qh5+ Kf8 13. Nd2 Be6 14. Bb5 Bf7 15. Qd1 h5 16. a4 Be8 17. Qc2 Nd4 18. cxd4 Bxb5 19. Qb3 Ba6 20. d5 g4 21. hxg4 hxg4 22. Nxg4 Qh7 23. Qh3 Qg6 24. Qf3 Rh5 25. g3 Rg5 26. Nxf6 Nxf6 27. Nf1 Ke7 28. b4 Bxf1 29. Kxf1 Rg4 30. Qc3 fxg3 31. Qxc7+ Nd7 32. Be3 gxf2 33. Bxf2 Rf8 34. Ke2 Qxe4+ 0-1

[Event "Scarborough Intermediate 47th"]
[Site "Scarborough"]
[Date "2024.10.26"]
[Round "3.1"]
[White "Demir, Utku Deniz"]
[Black "Mounce, Richard B"]
[Result "1-0"]
[WhiteElo "1773"]
[BlackElo "1974"]
[PlyCount "90"]
[EventDate "2024.10.25"]
[EventType "swiss"]
[EventRounds "5"]
[EventCountry "ENG"]
[SourceTitle "BritBase"]
[Source "John Saunders"]
[SourceDate "2024.12.27"]
[SourceVersion "1"]
[SourceVersionDate "2024.12.27"]
[SourceQuality "1"]

1. e4 e5 2. Nc3 Nf6 3. Bc4 Nxe4 4. Qh5 Nd6 5. Bb3 g6 6. Qf3 Bg7 7. Nb5 O-O 8. Nxd6 cxd6 9. d3 Nc6 10. Qd5 Qa5+ 11. Bd2 Qxd5 12. Bxd5 Ne7 13. Bb3 a5 14. a4 b6 15. Be3 Rb8 16. Ne2 Nf5 17. Nc3 Bb7 18. O-O Nxe3 19. fxe3 Bh6 20. Rae1 Kg7 21. e4 Bd2 22. Re2 Bxc3 23. bxc3 Rbc8 24. Ref2 f6 25. Bc4 Bxe4 26. Rb1 Bc6 27. Rxb6 Bxa4 28. Rxd6 Rxc4 29. dxc4 Bc6 30. Rf1 a4 31. Ra1 Rb8 32. Ra2 Kf7 33. Kf2 Ke7 34. Rd2 f5 35. g3 g5 36. c5 f4 37. Rd6 e4 38. Rxc6 dxc6 39. Rxa4 e3+ 40. Kf3 Rf8 41. Re4+ Kd7 42. Rd4+ Kc7 43. Re4 Rf7 44. Re6 Kd7 45. Rd6+ Ke8 1-0

[Event "Scarborough Intermediate 47th"]
[Site "Scarborough"]
[Date "2024.10.26"]
[Round "3.2"]
[White "Butterworth, Paul"]
[Black "Donahue, Randolph"]
[Result "1-0"]
[WhiteElo "1744"]
[BlackElo "1824"]
[PlyCount "123"]
[EventDate "2024.10.25"]
[EventType "swiss"]
[EventRounds "5"]
[EventCountry "ENG"]
[SourceTitle "BritBase"]
[Source "John Saunders"]
[SourceDate "2024.12.27"]
[SourceVersion "1"]
[SourceVersionDate "2024.12.27"]
[SourceQuality "1"]

1. d4 Nf6 2. Nf3 e6 3. g3 b5 4. a4 b4 5. Bg2 Bb7 6. O-O c5 7. c3 cxd4 8. Nxd4 Bxg2 9. Kxg2 Qb6 10. Qd3 Qb7+ 11. Kg1 a6 12. Nd2 d5 13. c4 Nbd7 14. cxd5 Qxd5 15. e4 Qb7 16. f3 Ne5 17. Qe2 Bc5 18. N2b3 Ba7 19. Be3 O-O 20. Rac1 Rac8 21. Rxc8 Rxc8 22. Rc1 Rxc1+ 23. Nxc1 Qd7 24. Ndb3 Bxe3+ 25. Qxe3 Qd1+ 26. Kg2 h5 27. h4 Nc4 28. Qd3 Nxb2 29. Qxd1 Nxd1 30. Nd3 Ne3+ 31. Kf2 Nc2 32. Ke2 Nd4+ 33. Nxd4 Nd7 34. Nxb4 a5 35. Nd3 Nb6 36. Nc5 Kf8 37. Nc6 Ke8 38. Kd3 g6 39. Nxa5 Ke7 40. Kd4 Kd6 41. Nc4+ Nxc4 42. Kxc4 Kc6 43. a5 e5 44. a6 Kb6 45. Kd5 f6 46. Nd7+ Kxa6 47. Nxf6 Kb6 48. Kxe5 Kc6 49. Ke6 g5 50. hxg5 h4 51. gxh4 Kc5 52. e5 Kd4 53. f4 Ke3 54. f5 Kf4 55. g6 Kg3 56. g7 Kxh4 57. g8=Q Kh3 58. Ne4 Kh2 59. f6 Kh1 60. f7 Kh2 61. Qg3+ Kh1 62. Nf2# 1-0

[Event "Scarborough Intermediate 47th"]
[Site "Scarborough"]
[Date "2024.10.26"]
[Round "3.4"]
[White "Maydew, Simon"]
[Black "Aitchison, A Keith"]
[Result "1/2-1/2"]
[WhiteElo "1942"]
[BlackElo "1768"]
[PlyCount "60"]
[EventDate "2024.10.25"]
[EventType "swiss"]
[EventRounds "5"]
[EventCountry "ENG"]
[SourceTitle "BritBase"]
[Source "John Saunders"]
[SourceDate "2024.12.27"]
[SourceVersion "1"]
[SourceVersionDate "2024.12.27"]
[SourceQuality "1"]

1. d4 d5 2. Nf3 g6 3. Nc3 Bg7 4. Bf4 c6 5. h3 Nf6 6. e3 O-O 7. Bd3 Nbd7 8. Bh2 Re8 9. O-O b6 10. Re1 Bb7 11. e4 dxe4 12. Nxe4 Nxe4 13. Bxe4 Nf6 14. Bd3 Rc8 15. c3 c5 16. Bb5 Nd7 17. Ne5 Nxe5 18. dxe5 Qxd1 19. Raxd1 Red8 20. Bd7 Ra8 21. e6 f6 22. Bc7 Rf8 23. a4 f5 24. a5 bxa5 25. Bxa5 Be4 26. Bc7 Bc2 27. Ra1 Be4 28. Ra6 Bd3 29. Ra5 c4 30. f4 a6 1/2-1/2

[Event "Scarborough Intermediate 47th"]
[Site "Scarborough"]
[Date "2024.10.26"]
[Round "3.10"]
[White "Meredith, Daniel"]
[Black "Monk, Carl"]
[Result "1/2-1/2"]
[WhiteElo "1687"]
[BlackElo "1894"]
[PlyCount "45"]
[EventDate "2024.10.25"]
[EventType "swiss"]
[EventRounds "5"]
[EventCountry "ENG"]
[SourceTitle "BritBase"]
[Source "John Saunders"]
[SourceDate "2024.12.27"]
[SourceVersion "1"]
[SourceVersionDate "2024.12.27"]
[SourceQuality "1"]

1. e4 c6 2. d4 d5 3. e5 Bf5 4. h4 h5 5. Bd3 Bxd3 6. Qxd3 e6 7. Bg5 Qb6 8. Nd2 Nd7 9. Ngf3 c5 10. c4 Ne7 11. O-O cxd4 12. Bxe7 Bxe7 13. cxd5 exd5 14. Rfe1 Rh6 15. Qxd4 Bc5 16. Qxd5 Bxf2+ 17. Kh1 Bxe1 18. Rxe1 Qc6 19. Qb3 Nb6 20. Ne4 Nc4 21. Nd4 Qd5 22. Nd6+ Rxd6 23. exd6+ 1/2-1/2

[Event "Scarborough Intermediate 47th"]
[Site "Scarborough"]
[Date "2024.10.26"]
[Round "3.16"]
[White "Tomlinson, Zak"]
[Black "Murray, Frankie"]
[Result "0-1"]
[WhiteElo "1818"]
[BlackElo "1726"]
[PlyCount "68"]
[EventDate "2024.10.25"]
[EventType "swiss"]
[EventRounds "5"]
[EventCountry "ENG"]
[SourceTitle "BritBase"]
[Source "John Saunders"]
[SourceDate "2024.12.27"]
[SourceVersion "1"]
[SourceVersionDate "2024.12.27"]
[SourceQuality "1"]

1. e4 e6 2. d4 d5 3. Nd2 Be7 4. Bd3 c5 5. c3 cxd4 6. cxd4 dxe4 7. Nxe4 Nf6 8. Nf3 Nc6 9. O-O O-O 10. Nxf6+ Bxf6 11. Be3 g6 12. Be4 Nb4 13. Qd2 Nd5 14. Bh6 Re8 15. Rfe1 b6 16. Ne5 Bb7 17. Rad1 Rc8 18. Ng4 Bh8 19. Ne3 Qd7 20. Nxd5 Bxd5 21. b3 Qb7 22. Bxd5 Qxd5 23. Be3 Red8 24. f3 Rd7 25. Qb4 Rcd8 26. h3 Qf5 27. Rd2 Rd5 28. Rc1 Bf6 29. Rc7 R5d7 30. Rxd7 Rxd7 31. Bh6 Rd8 32. Qc3 g5 33. Qd3 Qf4 34. Kh1 Rxd4 0-1

[Event "Scarborough Intermediate 47th"]
[Site "Scarborough"]
[Date "2024.10.26"]
[Round "3.25"]
[White "Jackson, Paul G"]
[Black "Adam, David W"]
[Result "1/2-1/2"]
[WhiteElo "1703"]
[BlackElo "1852"]
[PlyCount "107"]
[EventDate "2024.10.25"]
[EventType "swiss"]
[EventRounds "5"]
[EventCountry "ENG"]
[SourceTitle "BritBase"]
[Source "John Saunders"]
[SourceDate "2024.12.27"]
[SourceVersion "1"]
[SourceVersionDate "2024.12.27"]
[SourceQuality "1"]

1. d4 Nf6 2. Bf4 g6 3. Nc3 d5 4. Qd2 h6 5. h3 Bg7 6. Nf3 e6 7. Ne5 Nbd7 8. O-O-O a6 9. Kb1 Qe7 10. g4 c5 11. dxc5 Nxc5 12. e3 O-O 13. f3 Nfd7 14. Nxd7 Bxd7 15. h4 b5 16. h5 g5 17. Bh2 b4 18. Ne2 Na4 19. Nd4 Rfc8 20. e4 Bxd4 21. Qxd4 Nc3+ 22. bxc3 bxc3 23. Ka1 Qa3 24. Rb1 Rc5 25. Qb4 Qxb4 26. Rxb4 dxe4 27. fxe4 Bc6 28. Bd3 a5 29. Rb8+ Rxb8 30. Bxb8 f5 31. Bd6 fxe4 32. Bxc5 exd3 33. Rf1 d2 34. Bd6 Bf3 35. Be5 d1=Q+ 36. Rxd1 Bxd1 37. Bxc3 Bxc2 38. Bxa5 Bd1 39. Kb2 Bxg4 40. a4 Bxh5 41. Kc3 Bf3 42. Kd4 g4 43. Bc3 Kf7 44. a5 h5 45. a6 Kf6 46. a7 Kg6 47. Ke3 Bd5 48. Kf4 Bc6 49. Be5 Bd5 50. Bb8 Bf3 51. Kg3 Kf5 52. Kh4 Kg6 53. Bd6 Bc6 54. Bc7 {Scores illegible. The game was agreed drawn at move 70.} 1/2-1/2

[Event "Scarborough Intermediate 47th"]
[Site "Scarborough"]
[Date "2024.10.26"]
[Round "3.29"]
[White "Morrison, Munroe L"]
[Black "Grasham, John"]
[Result "1-0"]
[WhiteElo "1793"]
[BlackElo "1783"]
[PlyCount "65"]
[EventDate "2024.10.25"]
[EventType "swiss"]
[EventRounds "5"]
[EventCountry "ENG"]
[SourceTitle "BritBase"]
[Source "John Saunders"]
[SourceDate "2024.12.27"]
[SourceVersion "1"]
[SourceVersionDate "2024.12.27"]
[SourceQuality "1"]

1. e4 e5 2. Nf3 Nc6 3. c3 Nf6 4. d3 Bc5 5. Be2 d6 6. h3 Bd7 7. Nbd2 Qe7 8. b4 Bb6 9. Bb2 a6 10. O-O O-O 11. a3 d5 12. Qc2 dxe4 13. dxe4 Rad8 14. Nc4 Be6 15. Rfe1 Bxc4 16. Bxc4 Rd6 17. Rad1 Rfd8 18. Rxd6 Rxd6 19. Bc1 h6 20. Nh4 Qd8 21. Nf5 Rd7 22. Qe2 Kh7 23. g4 g5 24. h4 Kg6 25. Nxh6 Kxh6 26. hxg5+ Kg6 27. Qf3 Ne8 28. Qh3 Bxf2+ 29. Kg2 Bh4 30. Qxh4 Rd2+ 31. Bxd2 Qxd2+ 32. Re2 Qxg5 33. Bxf7+ 1-0

[Event "Scarborough Intermediate 47th"]
[Site "Scarborough"]
[Date "2024.10.26"]
[Round "3.33"]
[White "Roychowdhury, Aashita"]
[Black "Desmedt, Richard E"]
[Result "1/2-1/2"]
[WhiteElo "1525"]
[BlackElo "1813"]
[PlyCount "45"]
[EventDate "2024.10.25"]
[EventType "swiss"]
[EventRounds "5"]
[EventCountry "ENG"]
[SourceTitle "BritBase"]
[Source "John Saunders"]
[SourceDate "2024.12.27"]
[SourceVersion "1"]
[SourceVersionDate "2024.12.27"]
[SourceQuality "1"]

1. e4 d5 2. exd5 Nf6 3. Nc3 Nxd5 4. Nxd5 Qxd5 5. Nf3 Nc6 6. d4 Bf5 7. c3 O-O-O 8. Be3 f6 9. Qb3 Qxb3 10. axb3 a6 11. Bc4 Be4 12. b4 Bd5 13. Be2 e5 14. dxe5 Nxe5 15. Nxe5 fxe5 16. Bg4+ Kb8 17. O-O Be7 18. Ra5 b6 19. Ra4 Bc6 20. Ra2 Kb7 21. Rfa1 Ra8 22. Be2 b5 23. Rd1 1/2-1/2

[Event "Scarborough Intermediate 47th"]
[Site "Scarborough"]
[Date "2024.10.26"]
[Round "3.36"]
[White "Howorth, Jack"]
[Black "Beswick, Andrew"]
[Result "1-0"]
[WhiteElo "1770"]
[BlackElo "1589"]
[PlyCount "117"]
[EventDate "2024.10.25"]
[EventType "swiss"]
[EventRounds "5"]
[EventCountry "ENG"]
[SourceTitle "BritBase"]
[Source "John Saunders"]
[SourceDate "2024.12.27"]
[SourceVersion "1"]
[SourceVersionDate "2024.12.27"]
[SourceQuality "1"]

1. e4 e5 2. Nf3 Nc6 3. Nc3 Nf6 4. g3 Bb4 5. Bg2 O-O 6. O-O Bxc3 7. bxc3 d6 8. d3 h6 9. h3 b6 10. Kh2 Ba6 11. Nh4 Ne7 12. f4 Ng6 13. Nf5 Kh7 14. fxe5 dxe5 15. Qd2 Ng8 16. Qe2 Qd7 17. h4 Rad8 18. g4 N6e7 19. g5 Nxf5 20. exf5 f6 21. Qh5 Qe8 22. Qg4 Qe7 23. Be4 c5 24. Rg1 c4 25. gxh6 Nxh6 26. Qg6+ Kh8 27. Ba3 Qf7 28. Bxf8 Qxf8 29. Rad1 Qe7 30. d4 exd4 31. cxd4 Bb5 32. c3 Be8 33. Qg3 Bh5 34. Rde1 Qf7 35. Bf3 Nxf5 36. Bxh5 Qxh5 37. Qg4 Qxh4+ 38. Qxh4+ Nxh4 39. Kg3 Nf5+ 40. Kf4 Nd6 41. Re7 g5+ 42. Kg4 f5+ 43. Kh5 Ne4 44. Kg6 Rd6+ 45. Kxf5 Nxc3 46. Ke5 Rd5+ 47. Kf6 Rxd4 48. Rxg5 Nd5+ 49. Ke5 Rd1 50. Rd7 c3 51. Rg2 Ne3 52. Rxd1 Nxd1 53. Rc2 Kg7 54. Rc1 c2 55. Rxc2 Ne3 56. Rc7+ Kg6 57. Rxa7 Nc2 58. Ra6 Ne3 59. Rxb6+ 1-0

[Event "Scarborough Intermediate 47th"]
[Site "Scarborough"]
[Date "2024.10.27"]
[Round "4.2"]
[White "Clegg, Robert"]
[Black "Butterworth, Paul"]
[Result "1-0"]
[WhiteElo "1744"]
[BlackElo "1744"]
[PlyCount "80"]
[EventDate "2024.10.25"]
[EventType "swiss"]
[EventRounds "5"]
[EventCountry "ENG"]
[SourceTitle "BritBase"]
[Source "John Saunders"]
[SourceDate "2024.12.27"]
[SourceVersion "1"]
[SourceVersionDate "2024.12.27"]
[SourceQuality "1"]

1. d4 Nf6 2. Nf3 e6 3. c4 d5 4. Bg5 h6 5. Bh4 Be7 6. e3 O-O 7. Nc3 b6 8. cxd5 Nxd5 9. Bxe7 Qxe7 10. Qb3 Bb7 11. Be2 Nd7 12. O-O c5 13. Rac1 cxd4 14. exd4 Nf4 15. Qd1 Nxe2+ 16. Qxe2 Nf6 17. Rfd1 Bd5 18. Nxd5 Nxd5 19. a3 Rac8 20. Qa6 Rxc1 21. Rxc1 Rd8 22. h3 Nf4 23. Kf1 Qd7 24. b4 e5 25. Rd1 e4 26. Ne5 Qc7 27. Qa4 Qc3 28. Qxa7 Qb3 29. Re1 Rxd4 30. Qxb6 Qd5 31. Ng4 Nd3 32. Rd1 f5 33. Ne3 Qa2 34. Ng4 Qb2 35. Qe6+ Kh8 36. Qxf5 Qxa3 37. Nxh6 gxh6 38. Qf6+ Kg8 39. Qxd4 Qa6 40. Qd7 Nf4+ 1-0

[Event "Scarborough Intermediate 47th"]
[Site "Scarborough"]
[Date "2024.10.27"]
[Round "4.13"]
[White "White, Gary M"]
[Black "Doherty, Paul D"]
[Result "0-1"]
[WhiteElo "1780"]
[BlackElo "1809"]
[PlyCount "64"]
[EventDate "2024.10.25"]
[EventType "swiss"]
[EventRounds "5"]
[EventCountry "ENG"]
[SourceTitle "BritBase"]
[Source "John Saunders"]
[SourceDate "2024.12.27"]
[SourceVersion "1"]
[SourceVersionDate "2024.12.27"]
[SourceQuality "1"]

1. f4 e5 2. fxe5 d6 3. exd6 Bxd6 4. Nf3 g5 5. g3 Bg4 6. Bg2 c6 7. Nc3 Qe7 8. d3 f6 9. Ne4 Bc7 10. b3 Nd7 11. Qd2 O-O-O 12. Bb2 h6 13. Nd4 Ne5 14. Nf2 Bd7 15. c4 f5 16. O-O-O f4 17. gxf4 Nxc4 18. Qc3 Bxf4+ 19. Kb1 Nxb2 20. Kxb2 Be5 21. e3 Nf6 22. Rc1 Kb8 23. Kb1 Nd5 24. Qb2 Nxe3 25. Rhe1 Qf6 26. Ne4 Bxd4 27. Nxf6 Bxb2 28. Nxd7+ Rxd7 29. Rxe3 Bxc1 30. Kxc1 Kc7 31. Kd2 Rf8 32. Ke2 Rdf7 0-1

[Event "Scarborough Intermediate 47th"]
[Site "Scarborough"]
[Date "2024.10.27"]
[Round "4.14"]
[White "French, Morgan"]
[Black "Blackburn, Jon E"]
[Result "1/2-1/2"]
[WhiteElo "1717"]
[BlackElo "1792"]
[PlyCount "34"]
[EventDate "2024.10.25"]
[EventType "swiss"]
[EventRounds "5"]
[EventCountry "ENG"]
[SourceTitle "BritBase"]
[Source "John Saunders"]
[SourceDate "2024.12.27"]
[SourceVersion "1"]
[SourceVersionDate "2024.12.27"]
[SourceQuality "1"]

1. d4 d5 2. c4 e6 3. Nc3 Be7 4. Nf3 Nf6 5. Bg5 h6 6. Bh4 O-O 7. Qc2 Nbd7 8. O-O-O b6 9. e3 Bb7 10. Be2 dxc4 11. Bxc4 Nd5 12. Bg3 Nxc3 13. Qxc3 Rc8 14. Rd2 c6 15. Kb1 b5 16. Be2 a5 17. Qc2 Qb6 1/2-1/2

[Event "Scarborough Intermediate 47th"]
[Site "Scarborough"]
[Date "2024.10.27"]
[Round "4.21"]
[White "Jackson, Paul G"]
[Black "Maheshwari, Shlok"]
[Result "1/2-1/2"]
[WhiteElo "1703"]
[BlackElo "1651"]
[PlyCount "82"]
[EventDate "2024.10.25"]
[EventType "swiss"]
[EventRounds "5"]
[EventCountry "ENG"]
[SourceTitle "BritBase"]
[Source "John Saunders"]
[SourceDate "2024.12.27"]
[SourceVersion "1"]
[SourceVersionDate "2024.12.27"]
[SourceQuality "1"]

1. d4 e6 2. Bf4 f5 3. e3 b6 4. Nf3 Nf6 5. h3 Bb7 6. Bd3 Be7 7. Nbd2 Ne4 8. c3 d6 9. Qc2 Nxd2 10. Qxd2 Nd7 11. O-O-O c5 12. Qe2 Bxf3 13. gxf3 d5 14. Rhg1 g6 15. Kb1 c4 16. Bc2 b5 17. e4 Kf7 18. Rde1 fxe4 19. fxe4 Nf6 20. exd5 Qxd5 21. Be5 Qd7 22. h4 Rhg8 23. Rg3 Bd6 24. Rf3 Be7 25. Rf4 Rgf8 26. h5 Qe8 27. hxg6+ hxg6 28. Rg1 Rg8 29. Qf3 Qd8 30. Qg3 g5 31. Rf3 Ke8 32. Bxf6 Bxf6 33. Rh1 b4 34. Rh6 Rf8 35. cxb4 Qxd4 36. Rfxf6 Rxf6 37. Ba4+ Kf8 38. Rh8+ Kg7 39. Rxa8 Qe4+ 40. Kc1 Qxa8 41. Qxg5+ {[=]} Kf7 1/2-1/2

[Event "Scarborough Intermediate 47th"]
[Site "Scarborough"]
[Date "2024.10.27"]
[Round "4.22"]
[White "Matthews, Graham W"]
[Black "Allen, Michael Ei"]
[Result "1-0"]
[WhiteElo "1731"]
[BlackElo "1754"]
[PlyCount "67"]
[EventDate "2024.10.25"]
[EventType "swiss"]
[EventRounds "5"]
[EventCountry "ENG"]
[SourceTitle "BritBase"]
[Source "John Saunders"]
[SourceDate "2024.12.27"]
[SourceVersion "1"]
[SourceVersionDate "2024.12.27"]
[SourceQuality "1"]

1. d4 Nf6 2. Nf3 e6 3. Bf4 b6 4. e3 c5 5. c3 Bb7 6. Nbd2 Nc6 7. Rc1 Be7 8. Be2 O-O 9. O-O Nh5 10. Bg3 Nxg3 11. hxg3 cxd4 12. cxd4 f5 13. a3 g5 14. Nc4 g4 15. Nfe5 d6 16. Nd3 b5 17. Nd2 Bg5 18. Qb3 Qe8 19. Nf4 Bxf4 20. gxf4 a6 21. f3 g3 22. Rfd1 d5 23. Nf1 Qg6 24. Qc3 h5 25. Qc5 Rac8 26. Qb6 Rf7 27. Rc3 h4 28. Rdc1 Rfc7 29. a4 bxa4 30. Bxa6 Bxa6 31. Qxa6 Nb8 32. Qxc8+ Rxc8 33. Rxc8+ Kg7 34. R1c7+ 1-0

[Event "Scarborough Intermediate 47th"]
[Site "Scarborough"]
[Date "2024.10.27"]
[Round "4.23"]
[White "Adam, David W"]
[Black "Morrison, Munroe L"]
[Result "1-0"]
[WhiteElo "1852"]
[BlackElo "1793"]
[PlyCount "58"]
[EventDate "2024.10.25"]
[EventType "swiss"]
[EventRounds "5"]
[EventCountry "ENG"]
[SourceTitle "BritBase"]
[Source "John Saunders"]
[SourceDate "2024.12.27"]
[SourceVersion "1"]
[SourceVersionDate "2024.12.27"]
[SourceQuality "1"]

1. c4 e5 2. d3 Nf6 3. g3 Bb4+ 4. Bd2 Bxd2+ 5. Qxd2 O-O 6. Bg2 c6 7. Nf3 d6 8. O-O h6 9. Nc3 Be6 10. Rfd1 Qe7 11. Rac1 Nbd7 12. b4 a6 13. a3 d5 14. cxd5 cxd5 15. e3 b5 16. h3 Rfd8 17. d4 e4 18. Ne5 Qd6 19. Nxd7 Qxd7 20. Kh2 Nh7 21. Ne2 Rac8 22. Rc5 Rxc5 23. dxc5 g5 24. Nd4 f5 25. Rc1 Bf7 26. c6 Qc8 27. Qc3 Nf8 28. c7 Rd6 29. Nxf5 Rd7 1-0